Entry Nombre personal
001 - NÚMERO DE CONTROL
- campo de control: 103021
003 - IDENTIFICADOR DE NÚMERO DE CONTROL
- campo de control: OSt
005 - FECHA Y HORA DE LA ÚLTIMA TRANSACCIÓN
- campo de control: 20230222192643.0
008 - ELEMENTOS DE DATO DE LONGITUD-FIJA
- campo de control de longitud fija: 071010 n acnnnaaan n bnn d
040 ## - FUENTE DE CATALOGACIÓN
- Centro catalogador/agencia de origen: OSt
- Centro/agencia transcriptor: OSt
100 1# - ENCABEZAMIENTO-NOMBRE DE PERSONA
- Nombre de persona: Sanchis y Sivera, José (
- Fechas asociadas al nombre: 1867-1937)
400 1# - TRAZADO DE VÉASE--NOMBRE DE PERSONA
- Nombre de persona: Floro, Lázaro (
- Fechas asociadas al nombre: 1867-1937)
400 1# - TRAZADO DE VÉASE--NOMBRE DE PERSONA
- Nombre de persona: Sanchis i Sivera, Josep (
- Fechas asociadas al nombre: 1867-1937)
400 1# - TRAZADO DE VÉASE--NOMBRE DE PERSONA
- Nombre de persona: Sanchis Sivera, José (
- Fechas asociadas al nombre: 1867-1937)
400 1# - TRAZADO DE VÉASE--NOMBRE DE PERSONA
- Nombre de persona: Sanchis y Sivera, J. (
- Fechas asociadas al nombre: 1867-1937)
